Practical Sheet and plate metal work / (Record no. 185025)
[ view plain ]
| 000 -LEADER | |
|---|---|
| fixed length control field | 00516 a2200169 4500 |
| 003 - CONTROL NUMBER IDENTIFIER | |
| control field | Nust |
| 005 - DATE AND TIME OF LATEST TRANSACTION | |
| control field | 20230119115225.0 |
| 040 ## - CATALOGING SOURCE | |
| Transcribing agency | Nust |
| 082 ## - DEWEY DECIMAL CLASSIFICATION NUMBER | |
| Classification number | 671,ATK |
| 100 ## - MAIN ENTRY--PERSONAL NAME | |
| Personal name | E. Arthur Atkins |
| 9 (RLIN) | 107066 |
| 245 ## - TITLE STATEMENT | |
| Title | Practical Sheet and plate metal work / |
| Statement of responsibility, etc. | E. Arthur Atkins |
| 250 ## - EDITION STATEMENT | |
| Edition statement | Vol.III |
| 260 ## - PUBLICATION, DISTRIBUTION, ETC. | |
| Place of publication, distribution, etc. | Singpore |
| Name of publisher, distributor, etc. | Sir Issac na dpitman sons |
| Date of publication, distribution, etc. | 1944 |
| 300 ## - PHYSICAL DESCRIPTION | |
| Extent | 606 |
| 505 ## - FORMATTED CONTENTS NOTE | |
| Formatted contents note | Drop Forging (Page-1123), Die-Making Press Work and Stamping (Page-1177), Practical Blacksmithing (Page-1259). |
| 942 ## - ADDED ENTRY ELEMENTS (KOHA) | |
| Source of classification or shelving scheme | |
| Koha item type | Book |
| Withdrawn status | Lost status | Source of classification or shelving scheme | Damaged status | Not for loan | Permanent Location | Current Location | Shelving location | Date acquired | Full call number | Barcode | Date last seen | Price effective from | Koha item type | Public note |
|---|---|---|---|---|---|---|---|---|---|---|---|---|---|---|
| Military College of Signals (MCS) | Military College of Signals (MCS) | General Stacks | 12/12/2016 | 671,ATK | MCS29682 | 12/08/2016 | 12/12/2016 | Book | Almirah No.75, Shelf No.2 | |||||
| Military College of Signals (MCS) | Military College of Signals (MCS) | General Stacks | 12/12/2016 | 671,ATK | MCS29683 | 12/08/2016 | 12/12/2016 | Book | Almirah No.75, Shelf No.2 | |||||
| Military College of Signals (MCS) | Military College of Signals (MCS) | General Stacks | 12/12/2016 | 671,ATK | MCS29684 | 12/08/2016 | 12/12/2016 | Book | Almirah No.75, Shelf No.2 | |||||
| Military College of Signals (MCS) | Military College of Signals (MCS) | General Stacks | 12/12/2016 | 671,ATK | MCS29686 | 12/08/2016 | 12/12/2016 | Book | Almirah No.75, Shelf No.2 | |||||
| Military College of Signals (MCS) | Military College of Signals (MCS) | General Stacks | 12/12/2016 | 671,ATK | MCS29728 | 12/08/2016 | 12/12/2016 | Book | Amirah No.55, Shelf No.5 |
